Normal view MARC view
  • Saraf, Harshvardhan

Entry Corporate Name

Number of records used in: 1

001 - CONTROL NUMBER

  • control field: 216419

003 - CONTROL NUMBER IDENTIFIER

  • control field: OSt

005 - DATE AND TIME OF LATEST TRANSACTION

  • control field: 20260122123958.0

008 - FIXED-LENGTH DATA ELEMENTS

  • fixed length control field: 260122|| aca||aabn | a|a d

040 ## - CATALOGING SOURCE

  • Original cataloging agency: OSt
  • Transcribing agency: OSt

110 ## - HEADING--CORPORATE NAME

  • Corporate name or jurisdiction name as entry element: Saraf, Harshvardhan

670 ## - SOURCE DATA FOUND

  • Source citation: Work cat.: (OSt)370039: Saraf, Subah 216418, The Satvic Revolution, 2024